Statistics for All Mortal Kombat character's

Click here to take the quiz!

General Stats

  • This quiz has been taken 11 times
  • The average score is 49 of 85

Answer Stats

Answer% Correct
Cyrax
100%
Freddy Krueger
100%
Goro
100%
Jade
100%
Johnny Cage
100%
Kitana
100%
Kung Lao
100%
Nightwolf
100%
Raiden
100%
Reptile
100%
Scorpion
100%
Shang Tsung
100%
Sonya Blade
100%
Sub Zero
100%
Baraka
88%
Jax Briggs
88%
Kabal
88%
Kano
88%
Kratos
88%
Liu Kang
88%
Noob Saibot
88%
Shao Kahn
88%
Frost
75%
Kenshi
75%
Mileena
75%
Quan Chi
75%
Rain
75%
Sektor
75%
Sindel
75%
Smoke
75%
Blaze
63%
Bo Rai Cho
63%
Dvorah
63%
Ermac
63%
Erron Black
63%
Fujin
63%
Meat
63%
RoboCop
63%
Sheeva
63%
Tanya
63%
Ashrah
50%
Cetrion
50%
Chameleon
50%
Ferra & Torr
50%
Geras
50%
Jason Voorhees
50%
Kintaro
50%
Kronika
50%
Kung Jin
50%
Mokap
50%
Nitara
50%
Shinnok
50%
Shujinko
50%
Skarlet
50%
Spawn
50%
Tremor
50%
Darius
38%
Havik
38%
Jacqui Briggs
38%
Kollector
38%
Kurtis Stryker
38%
Leatherface
38%
Mavado
38%
Motaro
38%
Onaga
38%
Predator
38%
Sareena
38%
The Terminator
38%
Triborg
38%
Dairou
25%
Drahmin
25%
Hotaru
25%
Hsu Hao
25%
John Rambo
25%
Kai
25%
Kobra
25%
Kotal Khan
25%
Li Mei
25%
Moloch
25%
Reiko
25%
Jarek
13%
Kira
13%
Monster
13%
Takeda Takahashi
13%
Alien
0%

Score Distribution

Percentile by Number Answered

Percent of People with Each Score

Your Score History

You have not taken this quiz